| 000 | 00698nam a2200193 a 4500 | ||
|---|---|---|---|
| 001 | 000034318 | ||
| 005 | 20200930073633.0 | ||
| 008 | 111003s1929 es 000 0 spa d | ||
| 040 |
_aDO-SdBNP _bspa _cBNPHU |
||
| 245 | 0 | 0 |
_aHistoria universal : _bescrita profesores especialista; bajo la direccion del Guillermo Oncken. |
| 260 |
_aBarcelona : _bMontaner y Simón Editores, _c1929. |
||
| 300 |
_av. : _bil., retrs. ; _c24 cm. |
||
| 500 | _aTextos en dos columnas | ||
| 500 | _aIncluye referencias bibliográficas y notas al pie de las páginas | ||
| 500 | _aLa bibloteca posee el v. 1 | ||
| 505 | 2 |
_gv. xli _tÉpoca del emperador Guillermo 1 |
|
| 700 | 1 |
_aOnken, Guillermo _959747 |
|
| 049 | _aBNPD | ||
| 999 |
_c33809 _d33809 |
||